1958 1917 1118 1384 1578 1165 1597 1554 1453 1749 1532 1732 1702 1716 1213 1920 1494 1532 1825 1953 1671 1785 1353 1819 1964 1342 1748 1709 1061 1090 1256 1445 1848 1363 1894 1074 1433 1832 1197 1593 1217 1656 1007 1415 1790 1344 1517 1796 1767 1036 1474 1224 1970 1694 1707 1328 1221 1890 1349 1298 1811 1184 1431 1692 1139 1858 1840 1521 1137 1977 1503 1769 1288 1954 1964 1776 1894 1101 1940 1523 1522 1693 1462 1169 1430 1445 1450 1656 1873 1376 1862 1610 1111 1081 1505 1131 1985 1387 1038 BCNSPRNW ULIB Ver.6.0+V

เปลี่ยนเป็นภาษาไทย

Change to English
 แสดงรายละเอียดบรรณานุกรม
  กลับหน้าหลัก

Brief Record : Get Marc (ISO 2709) : E-mail record : QR code < ปิดหน้าต่าง
LEADER : 00000nam 2200000uu 4500
001    13399109043
003     ULIB
008    110320s2545||||th 000 0 tha d
020    9749021738 (pbk.)
020    9789749021736 (pbk.)
060 04 WX158^bว435ก 2545
100 0  วันเพ็ญ พิชิตพรชัย
245 10 การวางแผนจำหน่ายผู้ป่วย :^bแนวคิดและการประยุกต์ใช้ /^cวันเพ็ญ พิชิตพรชัยและอุษาวดี อัศดรวิเศษ
250    พิมพ์ครั้งที่ 1
260    กรุงเทพฯ :^bคณะพยาบาลศาสตร์ มหาวิทยาลัยมหิดล,^c2545
300    107, [2] หน้า ;^c26 ซม.
650  2 Patient Discharge
650  7 ผู้ป่วย, การจำหน่ายออกจากโรงพยาบาล
700 0  อุษาวดี อัศดรวิเศษ
710 2  มหาวิทยาลัยมหิดล. ^bคณะพยาบาลศาสตร์
945    ^p70^l0^i017147
945    ^p70^l0^i017146
945    ^p70^l0^i015398
945    ^p70^l0^i015397
945    ^p70^l0^i015396
995    เกษร
999 ^a ใช้งานได้ทุกระบบ
รายการนี้ยังไม่มีแท็ก
คุณยังไม่ได้ล็อกอิน คุณสามารถมีกิจกรรมร่วมกับเว็บไซต์ได้ แต่ต้องล็อกอินก่อน ::
  ล็อกอิน

รายการสื่อสารสนเทศ

ลำดับที่ ประเภท เลขเรียก/บาร์โค้ด สถานที่ สถานะ
- ไม่พบข้อมูล -

รายการใกล้เคียง
    ผู้แต่ง [วันเพ็ญ พิชิตพรชัย]

    หัวเรื่อง [Patient Discharge]
    หัวเรื่อง [ผู้ป่วย, การจำหน่ายออกจากโรงพยาบาล]

BibComment


ยังไม่เคยถูกคอมเมนท์

คอมเมนท์ทรัพยากรรายการนี้
  คอมเมนท์: การวางแผนจำหน่ายผ..


 Copyright 2026. Bcnsprnw @Library